| 000 | 00885nam a2200241 a 4500 | ||
|---|---|---|---|
| 001 | 46596 | ||
| 003 | BD-RjUL | ||
| 005 | 20211209054157.0 | ||
| 008 | 160803s1966 pk k 000 0 eng | ||
| 035 | _a(BD-RjUL)46715 | ||
| 040 |
_aDLC _cCarP _dBD-RjUL _beng |
||
| 041 | _aeng | ||
| 082 |
_a346.54910150269 _bALL 1966 |
||
| 100 | 1 |
_aAli, Syed Anwer. _9142116 |
|
| 245 | 1 | 0 | _aLaw of family courts, presenting the West Pakistan family courts act, 1964, and the West Pakistan family court rules, 1965, with amendments, notifications and case law todate along with appendix / |
| 250 | _a1st ed. | ||
| 260 |
_aKarachi : _bSyed Publications, _c1966 |
||
| 300 |
_avxiii, 112 p.: _bforms.; _c26 cm. |
||
| 650 | 0 |
_aDomestic relations courts _zPakistan. _9142117 |
|
| 710 | 1 |
_aWest Pakistan. _kLaws, statutes, etc. [from old catalog] _9142118 |
|
| 942 |
_2ddc _cBK |
||
| 999 |
_c46596 _d46596 |
||